Homo faber : (Record no. 23058)
[ view plain ]
| 000 -LEADER | |
|---|---|
| fixed length control field | 00731nam a22002415u 4500 |
| 001 - CONTROL NUMBER | |
| control field | 23058 |
| 003 - CONTROL NUMBER IDENTIFIER | |
| rucl marc code | BD-RJUL |
| 005 - DATE AND TIME OF LATEST TRANSACTION | |
| control field | 20211209000903.0 |
| 008 - FIXED-LENGTH DATA ELEMENTS--GENERAL INFORMATION | |
| fixed length control field | 140310r19741959enk 00| | eng d |
| 020 ## - INTERNATIONAL STANDARD BOOK NUMBER | |
| International Standard Book Number | 0413314901 |
| 035 ## - SYSTEM CONTROL NUMBER | |
| System control number | (BD-RjUL)23123 |
| 040 ## - CATALOGING SOURCE | |
| Original cataloging agency | UkOxU |
| Language of cataloging | eng |
| Transcribing agency | UkOxU |
| 041 1# - LANGUAGE CODE | |
| Language code of text/sound track or separate title | eng |
| Language code of original | ger |
| 082 ## - DEWEY DECIMAL CLASSIFICATION NUMBER | |
| Classification number | 833.91 |
| Author mark and year | FRH 1974 |
| 100 1# - MAIN ENTRY--PERSONAL NAME | |
| Personal name | Frisch, Max, |
| Dates associated with a name | 1911-1991. |
| 9 (RLIN) | 61375 |
| 245 10 - TITLE STATEMENT | |
| Title | Homo faber : |
| Remainder of title | a report / |
| Statement of responsibility, etc. | by Max Frisch ; translated from the German by Michael Bullock. |
| 260 ## - PUBLICATION, DISTRIBUTION, ETC. (IMPRINT) | |
| Place of publication, distribution, etc. | London : |
| Name of publisher, distributor, etc. | Eyre Methuen, |
| Date of publication, distribution, etc. | 1974. |
| 300 ## - PHYSICAL DESCRIPTION | |
| Pagination | 219 p. ; |
| Size | 21 cm. |
| 500 ## - GENERAL NOTE | |
| General note | Originally published London : Abelard-Schuman, 1959. |
| 700 1# - ADDED ENTRY--PERSONAL NAME | |
| Personal name | Bullock, Michael, |
| Dates associated with a name | 1918-2008 |
| 942 ## - ADDED ENTRY ELEMENTS (KOHA) | |
| Source of classification or shelving scheme | Dewey Decimal Classification |
| Koha item type | Books |
| Lost status | Source of classification or shelving scheme | Damaged status | Not for loan | Collection code | Permanent Location | Current Location | Shelving location | Date acquired | Source of acquisition | Cost, normal purchase price | Total Checkouts | Full call number | Date last seen | Copy number | Koha item type |
|---|---|---|---|---|---|---|---|---|---|---|---|---|---|---|---|
| Dewey Decimal Classification | Added to bundle | Fiction | Central Library, University of Rajshahi | Central Library, University of Rajshahi | Reading Room | 03/08/1982 | Heffer | 4.50 | 833.91 FRH 1974 | 10/03/2014 | C-1 | Books |